000 01193nam a22003257a 4500
001 000474
003 DO-SdBNP
005 20250723100146.0
007 000474
008 160905b 2008 mx ||||| |||| 00| 0 spa d
020 _a9707705949
040 _aBPMSU
_bspa
_cBPMSU
082 4 _a658.1
_bS617a 2008
_222
100 1 _aSinger, Blair
245 1 3 _aEl abc para crear un equipo de negocios exitoso :
_bel código de honor invisible que transforma a grupos de personas en equipos de campeones /
_cBlair Singer ; prologo de Robert Kiyosaki.
260 _aMéxico :
_bAguilar,
_c2008
300 _a157 p. ;
_c23 cm.
490 0 _aPadre rico;
_aadvisors.
_v
500 _aTraducción de ABC's of building a business team that wins.
500 _aIncluye datos del autor
505 _tAmy Foster --
_tFalk: A reminiscencia --
_tMañana
650 4 _aAptitud creadora en los negocios
650 4 _aÉxito en los negocios
650 4 _aEmprendimiento
700 1 _aValencia Goelkel, Hernando,
_etraductor
700 1 _aKiyosaki, Robert,
_eprólogo
910 _aLOPEREZ/ VMateo V. Control de calidad (BPMSU)
942 _2ddc
_cBK
956 _2LOPEREZ
_310
_620160905
_8BPMSU
_a00041
999 _c11321
_d11321